mysqli: Table './ulib62015/stat_globaluid' is marked as crashed and should be repaired
select id from stat_globaluid where statuid='20260518024645_4241'
mysqli: Table './ulib62015/stat_globaluid' is marked as crashed and should be repaired
DELETE FROM stat_globaluid
WHERE id NOT IN (
SELECT id
FROM (
SELECT id
FROM stat_globaluid
ORDER BY id DESC
LIMIT 100
) foo
);
mysqli: Table './ulib62015/stat_globaluid' is marked as crashed and should be repaired
insert into stat_globaluid set
statuid='20260518024645_4241',
dt='1779047205',
phpself='/ULIB62015/dublinfull.php',
agent='Mozilla/5.0 AppleWebKit/537.36 (KHTML, like Gecko; compatible; ClaudeBot/1.0; +claudebot@anthropic.com)',
yea='2026',
mon='5',
dat='18',
ip='216.73.216.45'
mysqli: Table './ulib62015/stathist_viewbib_bib_type' is marked as crashed and should be repaired
insert into stathist_viewbib_bib_type set
dat='18' ,
mon='05' ,
yea='2026' ,
statuid='20260518024645_4241' ,
head='13399108168' ,
foot='marc' ,
dt='1779047205'
| LEADER : 01174nam 2200277 a 4500 |
| 001 13399108168 |
| 003 ULIB |
| 008 030417s2551 caua sb 001 0 eng |
| 020 ^a9748458304 |
| 082 ^aนว ฉ.1 |
| 100 ^aปั้นหยา |
| 245 ^aแมวกับปลาย่าง |
| 945 ^p0^l0^i016095
|
| 945 ^p169^l0^i016096 |
| 999 ^aKey new Using ULIBM easy add form |
| คุณยังไม่ได้ล็อกอิน คุณสามารถมีกิจกรรมร่วมกับเว็บไซต์ได้ แต่ต้องล็อกอินก่อน :: |
|
|
|
| ลำดับที่ |
ประเภท |
เลขเรียก/บาร์โค้ด |
สถานที่ |
สถานะ |
| 1. |
 นวนิยาย | นว ฉ.1 2551 Barcode: 016095 | หนังสือทั่วไป | บนชั้น ขอยืม |
| 2. |
 หนังสือ | นว ฉ.1 2551 ฉ.2 Barcode: 016096 | หนังสือทั่วไป | บนชั้น ขอยืม |
|
ยังไม่เคยถูกคอมเมนท์
|
| คอมเมนท์ทรัพยากรรายการนี้ |
|